000 00692nam a2200217 a 4500
001 000044629
003 OSt
005 20201014104943.0
008 141210d2014 dr 000 j spa d
020 _a9789945080520
040 _aDO-SdBNP
_bspa
_cBNPHU
082 _axxxx
_bP438m
100 1 _aPérez Pytel, Altagracia
_972651
245 1 0 _aA mitad del sendero /
_cAltagracia Pérez Pytel ; prólogo Máximo Vega.
260 _aSantiago, República Dominicana :
_bEdiciones Juguete de Madera,
_c2014.
300 _a118 p. ;
_c22 cm.
500 _aIncluye datos biográficos de la autora en las solapas
700 1 _aVega, Máximo
_epról.
_922617
942 _2ddc
_cLBS1
956 _aLOPEREZ
999 _c44118
_d44118